000 00264nam a22001217a 4500
008 170508b xxu||||| |||| 00| 0 eng d
041 _aeng
080 _210TH
_a34
100 _a15
101 _aSHJ
245 _aBUSINESS LAW TODAY
_cMILLER, R.L
942 _2udc
_cBK
999 _c12940
_d12940